000 00659nam a2200181 a 4500
008 120416s1986 ||||||||||||||||| || u
020 _a0471881279
050 _aHD 30.28 HAN
100 _aRachlin, Robert
245 1 0 _aHandbook of strategic planning
_cedited by James R. Gardner
260 _aNew York:
_bJohn Wiley and Sons
_c1986
300 _aiv, (various pagings) : ill.
350 _a0.00
650 _aSTRATEGIC PLANNING--HANDBOOKS, MANUALS, ETC
700 _aGardner, James R
700 _aSweeny, H. W. Allen
995 _D0.00
_FCBU-MAIN LIBRARY (Kitwe)
_H1
_I62.50
_M1
_UREFERENCE
_ZReference Collection
999 _c45329
_d45329